[Event "Niedersachsen-ch op-B"]
[Site "Verden"]
[Date "2014.01.03"]
[Round "3"]
[White "Hilmes, Benedikt"]
[Black "Wolterink, Jule"]
[Result "1-0"]
[WhiteElo "1599"]
[BlackElo "811"]
[PlyCount "105"]
[EventDate "2014.01.02"]
[EventType "swiss"]
[EventRounds "7"]
[EventCountry "GER"]
[SourceTitle "EXT 2016"]
[Source "ChessBase"]
[SourceDate "2015.10.08"]
[SourceVersion "1"]
[SourceVersionDate "2015.10.08"]
[SourceQuality "1"]

1. e4 e6 2. d4 d5 3. Nc3 Bb4 4. exd5 exd5 5. Bd3 Ne7 6. Nge2 Be6 7. 0-0 c6 8. Bf4 Nd7 9. a3 Ba5 10. b4 Bc7 11. Re1 Nf6 12. Qd2 Bd6 13. b5 Rb8 14. Rab1 Qc7 15. Bxd6 Qxd6 16. Qf4 Qxf4 17. Nxf4 Bg4 18. bxc6 b6 19. Nfxd5 Be6 20. Nxf6+ gxf6 21. d5 Bg4 22. d6 Rd8 23. Rxe7+ Kf8 24. c7 Rxd6 25. c8Q+ Bxc8 26. Rxa7 Kg7 27. h3 Re8 28. Ra4 Bd7 29. Re4 Rc8 30. Rc4 Ra8 31. a4 Rc6 32. Rxc6 Bxc6 33. Be2 Rb8 34. Bf3 Bd7 35. a5 b5 36. a6 Bc8 37. a7 Rb6 38. a8Q Bd7 39. Nxb5 Rxb5 40. Rxb5 Bxb5 41. g4 Bd7 42. h4 h6 43. Qb7 Be6 44. Bd5 Bxd5 45. Qxd5 Kh7 46. Qxf7+ Kh8 47. Qxf6+ Kh7 48. c4 Kg8 49. c5 Kh7 50. c6 Kg8 51. c7 Kh7 52. c8R h5 53. Rh8# 1-0

[Event "Niedersachsen-ch op-B"]
[Site "Verden"]
[Date "2012.01.04"]
[Round "5"]
[White "Tenninger, Joerg"]
[Black "Hilmes, Benedikt"]
[Result "1-0"]
[WhiteElo "1640"]
[BlackElo "865"]
[PlyCount "69"]
[EventDate "2012.01.02"]
[EventType "swiss"]
[EventRounds "7"]
[EventCountry "GER"]
[SourceTitle "EXT 2021"]
[Source "ChessBase"]
[SourceDate "2020.10.23"]
[SourceVersion "1"]
[SourceVersionDate "2020.10.23"]
[SourceQuality "1"]

1. d4 d5 2. c4 e6 3. Nf3 Nf6 4. Bg5 Nbd7 5. e3 c6 6. a3 Bd6 7. Be2 0-0 8. 0-0 Qc7 9. c5 Be7 10. Bf4 Qd8 11. h3 a5 12. Nc3 b6 13. b4 axb4 14. axb4 Rxa1 15. Qxa1 Bb7 16. Qb2 b5 17. Ra1 h6 18. Ra7 Qc8 19. Bd3 Bd8 20. Bb1 Bc7 21. Ne5 Qb8 22. Qa2 Rc8 23. Ne2 Nxe5 24. Bxe5 Bxe5 25. dxe5 Nd7 26. f4 f6 27. exf6 Nxf6 28. Nd4 Re8 29. Bg6 Re7 30. Nxc6 Rc7 31. Nxb8 Kf8 32. Qa5 Re7 33. Rxb7 Rxb7 34. Qd8+ Ne8 35. Qxe8# 1-0

[Event "Niedersachsen-ch op"]
[Site "Verden"]
[Date "2011.01.03"]
[Round "3"]
[White "Balazs, Balint"]
[Black "Hilmes, Benedikt"]
[Result "1-0"]
[WhiteElo "1300"]
[BlackElo "755"]
[PlyCount "49"]
[EventDate "2011.01.02"]
[EventType "swiss"]
[EventRounds "7"]
[EventCountry "GER"]
[SourceTitle "EXT 2018"]
[Source "ChessBase"]
[SourceDate "2017.10.13"]
[SourceVersion "1"]
[SourceVersionDate "2017.10.13"]
[SourceQuality "1"]

1. d4 d5 2. Bf4 Nc6 3. Nc3 Bf5 4. e3 g6 5. f3 Nf6 6. Qd2 Nb4 7. Bd3 Bg7 8. Bxf5 gxf5 9. Nge2 Qd7 10. 0-0-0 Nh5 11. Rhg1 Nxf4 12. Nxf4 Nxa2+ 13. Nxa2 Qa4 14. Nc3 Qa1+ 15. Nb1 c5 16. Nxd5 cxd4 17. exd4 0-0 18. g4 fxg4 19. Rxg4 Kh8 20. Rdg1 Rg8 21. Nxe7 a5 22. Nxg8 Rxg8 23. Qf4 Qa2 24. Rxg7 Rxg7 25. Qb8+ 1-0